載入...

Construction of Norms on Kuhns Soccer Test for University Players

書目詳細資料
主要作者: Abdussalam K
格式: Electronic Thesis
語言:English
主題:
在線閱讀:http://hdl.handle.net/10603/213813
LEADER 00504nam a2200169Ia 4500
001 215754
008 190202t ii ||||fom||| 00| 0 eng d
100 |a Abdussalam K 
245 |a Construction of Norms on Kuhns Soccer Test for University Players 
502 |a Thesis (Ph. D.) -- Department of Physical Education, University of Calicut, 
546 |a English 
653 |a Soccer 
653 |a Soccer 
796 |a Joseph P T 
856 |u http://hdl.handle.net/10603/213813 
952 |a ON  |c ETD  |y ETD 
999 |c etd215754